• 首页
  • 本馆介绍
  • 公告通知
  • 最新文献
  • 馆藏检索
  • 电子资源
  • 读者导购
  • 参考咨询
  • 我的图书馆
  • 登录
  • 详细信息显示
  • 放入我的书架
  • 预约/预借图书
  • 作者相关作品
  • 分类相关作品
  • 丛书相关作品
  • 出版社相关作品

书目信息

  • 表格格式
  • 工作单格式
  • 卡片格式
题名:
图论
    
 
作者: 王朝瑞 编
分册:  
出版信息: 北京   人民教育出版社  1981
页数: 301页
开本: 21cm
丛书名:
单 册:
中图分类: O157.5
科图分类:
主题词: 图论--高等学校--教学参考资料
电子资源:
ISBN:
000 00640nam0 2200241 45
001 0181005388
005 20060817093341.06
010    @dCNY0.86
091    @b13012.0588
100    @a19950623d1981 em y0chiy0121 ea
101 0  @achi
102    @aCN@b110000
105    @ay z 000yy
200 10 @a图论@Atu lun@f王朝瑞编@Fwang chao rui bian
210    @a北京@c人民教育出版社@d1981
215    @a301页@d21cm
300    @a高等学校教学参考书
606    @a图论@x高等学校@x教学参考资料
690    @aO157.5@v3
701  0 @a王朝瑞@Awang chao rui@4编
801  0 @aCN@b上海图书馆@c20060817
801  2 @aCN@bNLC@c20060426
905    @dO157.5@e10
    
    图论/王朝瑞编.-北京:人民教育出版社,1981
    301页;21cm
    高等学校教学参考书
    
    ISBN :CNY0.86
    
●
相关链接 在E读中查询图书 在五车中查询图书 在当当中查询图书 在豆瓣中查询图书


正题名:图论     索取号:O157.5/10         预约/预借

序号 登录号 条形码 馆藏地/架位号 状态 备注
1 0054488   202265413   密集书库/ [索取号:O157.5/10] 在馆    
2 0054489   202265404   密集书库/ [索取号:O157.5/10] 在馆    
3 0054490   000414849   第三借阅区/ [索取号:O157.5/10] 在馆    
4 0120321   202265440   密集书库/ [索取号:O157.5/10] 在馆    
5 0120322   202265510   密集书库/ [索取号:O157.5/10] 在馆    
6 0120323   000414803   第三借阅区/ [索取号:O157.5/10] 在馆    
7 0120324   000414812   第三借阅区/ [索取号:O157.5/10] 在馆    
8 0120325   000414867   第二样本阅览室/ [索取号:O157.5/10] 在馆    
9 0120326   001958527   第三借阅区/ [索取号:O157.5/10] 在馆    
10 0120327   202265654   密集书库/ [索取号:O157.5/10] 在馆    
11 0120328   202265501   密集书库/ [索取号:O157.5/10] 在馆    
12 0120329   000414821   第三借阅区/ [索取号:O157.5/10] 在馆    
13 0120330   202265547   密集书库/ [索取号:O157.5/10] 在馆    
14 0140007   000415429   第二样本阅览室/ [索取号:O157.5/10] 在馆    
15 0228309   000414858   第三借阅区/ [索取号:O157.5/10] 在馆    
16 0462109   204621098   密集书库/ [索取号:O157.5/10] 在馆    
唐山师范学院图书馆 欢迎您!
大连网信软件有限公司© 版权所有